[Event "Bizovac Metalis op 15th"]
[Site "Bizovac"]
[Date "2008.02.21"]
[Round "1"]
[White "Kovacevic, Blazimir"]
[Black "Kauzljar, Mladen"]
[Result "1-0"]
[WhiteElo "2482"]
[BlackElo "1995"]
[PlyCount "66"]
[EventDate "2008.02.21"]
[EventType "swiss"]
[EventRounds "7"]
[EventCountry "CRO"]
[SourceTitle "CBM 122 Extra"]
[Source "ChessBase"]
[SourceDate "2008.03.04"]
[SourceVersion "1"]
[SourceVersionDate "2008.03.04"]
[SourceQuality "1"]

1. d4 Nf6 2. Nf3 d5 3. c4 dxc4 4. e3 e6 5. Bxc4 a6 6. 0-0 b5 7. Bd3 Bb7 8. a4 b4 9. Nbd2 Nbd7 10. Re1 c5 11. e4 cxd4 12. e5 Nd5 13. Nc4 Nc5 14. Bg5 Qc7 15. Rc1 h6 16. Bh4 Nf4 17. Bf1 d3 18. Bg3 g5 19. Nfd2 Bc6 20. Qg4 Rd8 21. Bxf4 gxf4 22. Qxf4 Rg8 23. Nd6+ Rxd6 24. exd6 Bxd6 25. Qh4 Qb7 26. g3 Rg6 27. Qd4 Qe7 28. Bxd3 Nxd3 29. Rxc6 Nxe1 30. Qh8+ Qf8 31. Rc8+ Kd7 32. Rxf8 Bxf8 33. Qxf8 Rf6 1-0